000 00812nam a2200205Ia 4500
005 20241129110126.0
008 241129s9999||||xx |||||||||||||| ||und||
037 _aTB
040 _aARTS
_bpun
_cARTS
041 _apun
_2pun
084 _aO153,1K33:g Q0
_qARTS
100 _aਅਮਰ, ਅਮਰਜੀਤ ਸਿੰਘ, ਥਦ।
245 0 _aਭਾਈ ਨੰਦ ਲਾਲ ਗੋਯਾ: ਜੀਵਨ, ਰਚਲਾ ਤੇ ਕਾਵਿ-ਉਸਤਤ
_cਅਮਰ, ਅਮਰਜੀਤ ਸਿੰਘ, ਥਦ।
260 _aਦਿੱਲੀ, ਭਾਰਤ
_bਦਿੱਲੀ ਭਾਈ ਨੰਦ ਲਾਲ ਚੈਰੀਟੇਬਲ ਟਰੱਸਟ
_c2013
300 _a114ਪ੍ਰ0
365 _aINR
_b200
650 _aPunjabi Poetry
_9187334
942 _cTB
_hO153,1K33:g Q0
999 _c1227400
_d1227400